00772nam a22002417a 450000500170000001000130001702000220003003500130005203700160006504000120008108200130009310000230010624500690012925000120019826000260021027000220023630000200025865000320027865000490031094200240035999900190038395201280040220170124105911.0 aA-250141 c00.00a0582353076 aA-250141 bCen Lib/Ret aDPLbEN a483bWAR aWard, A.C.9112442 aLongman companion to twentieth century literaure /cby A.C. Ward a3rd ed. aEssexbLongman c1970 bEssexaBurnt mill a598p.c20cm(Hb) aEnglish literature 9112443 aEnglish literature y20th century 9112444 2ddccENh483.1mWAR c122534d122534 001040718REFaLbLd2015-05-27eCen Lib/Retg0.00l0o483.1 WARpA-250141r2015-05-27 00:00:00t1v0.00w2015-05-27yEN